Kerala: the red rain land. (Record no. 412586)

000 -LEADER
fixed length control field 00348cam a22001217a 4500
008 - FIXED-LENGTH DATA ELEMENTS--GENERAL INFORMATION
fixed length control field 180718b1958 xxu||||| |||| 00| 0 eng d
082 ## - DEWEY DECIMAL CLASSIFICATION NUMBER
Classification number A6x5453 V541
100 ## - MAIN ENTRY--PERSONAL NAME
Personal name Velayudhan, R.
245 ## - TITLE STATEMENT
Title Kerala: the red rain land.
Statement of responsibility, etc. by R. Velayudhan
260 ## - PUBLICATION, DISTRIBUTION, ETC.
Place of publication, distribution, etc. New Delhi
Name of publisher, distributor, etc. Indian Institute of social affairs
Date of publication, distribution, etc. 1958
300 ## - PHYSICAL DESCRIPTION
Extent vi, 159p
650 ## - SUBJECT ADDED ENTRY--TOPICAL TERM
Topical term or geographic name entry element Red Rain
Holdings
Withdrawn status Lost status Damaged status Not for loan Permanent Location Current Location Date acquired Full call number Barcode Date last seen Price effective from Koha item type
        Indian Institute of Public Administration Indian Institute of Public Administration 2009-02-06 A6x5453 V541 11266 2018-07-21 2018-07-21 Book

Powered by Koha